000 00647nam a2200205Ia 4500
003 GCL
005 20240530102650.0
008 140319s9999 xx 000 0 ara d
040 _aGCL /
_cGCL
082 0 4 _a812
_bت ا
100 1 _aتسعديت ايت حمودى
245 1 0 _aاثر الرمزية الغربية فى مسرح توفيق الحكيم /
_cتسعديت ايت حمودى
260 _a[S.N] :
_bدار الحداثة ،
_c1986
300 _a315 ص
490 _aالنقد الادبى
_v0
650 0 4 _aتوفيق الحكيم
650 0 4 _aالمسرح العربى
650 0 4 _aتاريخ ونقد
942 _2ddc
_cBK
999 _c33832
_d33832